Tư tưởng Hồ Chí Minh về văn hóa

שמור ב:
מידע ביבליוגרפי
מחבר ראשי: Đinh, Xuân Dũng
פורמט: ספר
שפה:Undetermined
יצא לאור: Hà Nội Nhà xuất bản Hà Nội 2003
נושאים:
תגים: הוספת תג
אין תגיות, היה/י הראשונ/ה לתייג את הרשומה!
Thư viện lưu trữ: Trung tâm Học liệu Trường Đại học Cần Thơ
LEADER 00564nam a2200193Ia 4500
001 CTU_60782
008 210402s9999 xx 000 0 und d
020 |b 27000 
082 |a 324.2075092 
082 |b D513 
100 |a Đinh, Xuân Dũng 
245 0 |a Tư tưởng Hồ Chí Minh về văn hóa 
245 0 |c Đinh Xuân Dũng 
260 |a Hà Nội 
260 |b Nhà xuất bản Hà Nội 
260 |c 2003 
650 |a Communism and culture 
904 |i Minh, Năm 
980 |a Trung tâm Học liệu Trường Đại học Cần Thơ